[Event "Muensterland Verbandsklasse 1415"]
[Site "Germany"]
[Date "2014.09.13"]
[Round "1.8"]
[White "Larzev, Erich"]
[Black "Steens, Rudolf"]
[Result "1-0"]
[WhiteElo "1771"]
[BlackElo "1749"]
[PlyCount "43"]
[EventDate "2014.09.13"]
[EventType "team-tourn"]
[EventRounds "9"]
[EventCountry "GER"]
[SourceTitle "EXT 2016"]
[Source "ChessBase"]
[SourceDate "2015.10.08"]
[SourceVersion "1"]
[SourceVersionDate "2015.10.08"]
[SourceQuality "1"]
[WhiteTeam "Ahaus Wessum II"]
[BlackTeam "Nordwalde"]
[WhiteTeamCountry "GER"]
[BlackTeamCountry "GER"]

1. d4 d5 2. c4 c6 3. a4 e6 4. Nc3 Nf6 5. Bg5 Be7 6. e3 Nbd7 7. Nf3 Qa5 8. Be2 Bb4 9. Rc1 Ne4 10. Qc2 Bxc3+ 11. bxc3 Nxg5 12. Nxg5 Nf6 13. Nf3 Bd7 14. 0-0 b5 15. axb5 cxb5 16. Ra1 Qb6 17. cxb5 Ke7 18. Ra6 Qb7 19. Qb3 Rhc8 20. Ne5 Ne4 21. Rc1 Rab8 22. Qa3+ 1-0